लोड हो रहा है...

Viswa ke mahapurush (h)

ग्रंथसूची विवरण
मुख्य लेखक: Sathyakam Vidyalankar
स्वरूप: Printed Book
प्रकाशित: TVPM Pragathi Prakashan 1981
विषय:
LEADER 00455nam a2200157 4500
082 |a 920.02 SAT-V 
100 |a Sathyakam Vidyalankar 
245 |a Viswa ke mahapurush (h) 
250
260 |a TVPM  |b Pragathi Prakashan  |c 1981 
300
490
650 |a Biographical collections 
942 |c BK 
999 |c 225743  |d 225743 
952 |0 0  |1 0  |4 0  |6 920_020000000000000_SATV  |7 0  |9 239876  |a SDE  |b SDE  |d 2019-12-12  |l 0  |o 920.02 SAT-V  |p SDE5069  |r 2019-12-12  |w 2019-12-12  |y BK